• 首页
  • 本馆介绍
  • 公告通知
  • 最新文献
  • 馆藏检索
  • 电子资源
  • 读者导购
  • 参考咨询
  • 我的图书馆
  • 登录
  • 详细信息显示
  • 放入我的书架
  • 预约/预借图书
  • 作者相关作品
  • 分类相关作品
  • 丛书相关作品
  • 出版社相关作品

书目信息

  • 表格格式
  • 工作单格式
  • 卡片格式
书名: Functions of a manager in occupational therapy
作者: edited by Karen Jacobs, Martha K. Logigian.
分册号:
分册名:
出版地: Thorofare, NJ :
 
出版社: SLACK
出版时间: c1994.
页数: 216 p. :
开本: 26 cm.
丛书名:
中图分类号:
科图分类号:
其他分类号: F831.5
主题词:
电子资源:
000 01208cam a2200325 a 450
001 E0758652632
005 20070427162042.57
008 920505s1994 njua b 001 0 eng
010    @a92060486
020    @a1556422164 (paperback) :@c$30.00.
035    @A(DLC) 92060486
040    @aDLC@cDLC@dDLC
050 00 @aRM735.6@b.F86 1994
082 00 @a362.1/78@2 20
090    @aF831.5
099    @dF831.5@ex22
245 00 @aFunctions of a manager in occupational therapy / @cedited by Karen Jacobs, Martha K. Logigian.
250    @aRev. ed.
260    @aThorofare, NJ :@bSLACK,@cc1994.
300    @a216 p. :@bill. ;@c26 cm.
500    @aRev. ed. of: Occupational therapy. 1988.
504    @aIncludes bibliographical references and index.
650  0 @aOccupational therapy services@xAdministration.
700 1  @aJacobs, Karen,@d1951-
700 1  @aLogigian, Martha K.
730 0  @aOccupational therapy.
906    @a7@bcbc@corignew@d1@eopcn@f19@gy-gencatlg
922    @aad
955    @apn10 05-05-92; pc17 to bc00 05-19-92; bc35 05-20-92; bc35/09 to SCD 05-21-92; ff04 05-22-92; fp24 05-27-92; CIP ver. pv06 03-23-94
991    @bc-GenColl@hRM735.6@i.F86 1994@p00025807698@tCopy 1@wBOOKS
    
    Functions of a manager in occupational therapy / / edited by Karen Jacobs, Martha K. Logigian.-Rev. ed.-Thorofare, NJ : : SLACK, , c1994.
    216 p. : : ill. ; ; 26 cm.
    Rev. ed. of: Occupational therapy. 1988.-Includes bibliographical references and index.
    
    ISBN 1556422164 (paperback) :$30.00.
    
●
相关链接 在E读中查询图书 在五车中查询图书 在当当中查询图书 在豆瓣中查询图书


正题名:Functions of a manager in occupational therapy     索取号:F831.5/x22         预约/预借

序号 登录号 条形码 馆藏地/架位号 状态 备注
1 5836   300058363   第二样本阅览室/ [索取号:F831.5/x22] 在馆    
2 5837   300058372   第四借阅区/ [索取号:F831.5/x22] 在馆    
3 5838   300058381   密集书库/ [索取号:F831.5/x22] 在馆    
4 5839   300058390   第四借阅区/ [索取号:F831.5/x22] 在馆    
5 5840   300058407   密集书库/ [索取号:F831.5/x22] 在馆    
唐山师范学院图书馆 欢迎您!
大连网信软件有限公司© 版权所有